[Event "Sheffield"]
[Site "Sheffield"]
[Date "2024.04.11"]
[Round "3"]
[White "Pein, Jonathan"]
[Black "Pal, Rohan"]
[Result "1-0"]
[WhiteElo "2247"]
[BlackElo "2142"]
[PlyCount "67"]
[EventDate "2024.04.10"]
[EventType "tourn"]
[EventRounds "9"]
[EventCountry "ENG"]
[EventCategory "2"]
[SourceTitle "CB16_2024"]
[SourceDate "2024.04.17"]
[SourceVersion "1"]
[SourceVersionDate "2024.04.17"]
[SourceQuality "1"]

1. e4 c5 2. Nf3 e6 3. d4 cxd4 4. Nxd4 Nc6 5. Nc3 Qc7 6. a3 Nf6 7. Be3 a6 8. Be2 Be7 9. 0-0 0-0 10. f4 d5 11. e5 Nd7 12. Rf3 b5 13. Bd3 h6 14. Rg3 Kh8 15. Nxc6 Qxc6 16. Qg4 Rg8 17. Qh5 f5 18. Rg6 Bf8 19. Qxf5 exf5 20. Rxc6 g6 21. Bd4 Bg7 22. Rxg6 Nf8 23. Rd6 Ne6 24. Ne2 Bf8 25. Bc3 d4 26. Nxd4 Nxf4 27. Nxf5 Bxf5 28. e6+ Bg7 29. Bxg7+ Rxg7 30. Bxf5 Rf8 31. e7 Rxe7 32. Rxh6+ Kg8 33. Bg4 Rg7 34. Be6+ 1-0

[Event "Basel Easter op"]
[Site "Basel"]
[Date "2024.03.31"]
[Round "7"]
[White "Buehler, Michael"]
[Black "Pal, Rohan"]
[Result "1/2-1/2"]
[WhiteElo "2049"]
[BlackElo "2125"]
[PlyCount "71"]
[EventDate "2024.03.28"]
[EventType "swiss"]
[EventRounds "9"]
[EventCountry "SUI"]
[SourceTitle "CB14_2024"]
[SourceDate "2024.04.01"]
[SourceVersion "1"]
[SourceVersionDate "2024.04.01"]
[SourceQuality "1"]

1. d4 Nf6 2. c4 e6 3. Nc3 d5 4. cxd5 exd5 5. Bg5 c6 6. e3 h6 7. Bh4 Be7 8. Bd3 0-0 9. Nf3 Re8 10. 0-0 Ne4 11. Bxe7 Qxe7 12. Qc2 Nd7 13. Rab1 Ndf6 14. b4 Bf5 15. Ne5 Nd7 16. Nxd7 Bxd7 17. Bxe4 dxe4 18. a4 Qh4 19. Ne2 Re7 20. Qc5 f5 21. Qd6 Rf8 22. a5 Ref7 23. d5 g5 24. dxc6 bxc6 25. f4 exf3 26. Rxf3 f4 27. exf4 Bg4 28. Rf2 Rf6 29. Qd3 gxf4 30. Rbf1 Qg5 31. Nd4 Kh8 32. Qe4 c5 33. bxc5 Qxc5 34. h3 Bc8 35. Kh1 Qc7 36. Qd5 1/2-1/2

[Event "Basel Easter op"]
[Site "Basel"]
[Date "2024.03.29"]
[Round "3"]
[White "Rappazzo, Johannes"]
[Black "Pal, Rohan"]
[Result "1-0"]
[WhiteElo "2116"]
[BlackElo "2125"]
[PlyCount "71"]
[EventDate "2024.03.28"]
[EventType "swiss"]
[EventRounds "9"]
[EventCountry "SUI"]
[SourceTitle "CB14_2024"]
[SourceDate "2024.04.01"]
[SourceVersion "1"]
[SourceVersionDate "2024.04.01"]
[SourceQuality "1"]

1. e4 c5 2. Nf3 e6 3. d4 cxd4 4. Nxd4 Nf6 5. Nc3 Nc6 6. Ndb5 d6 7. Bf4 e5 8. Bg5 a6 9. Na3 b5 10. Nd5 Be7 11. Bxf6 Bxf6 12. c3 Rb8 13. Nc2 Bg5 14. a4 bxa4 15. Ncb4 Nxb4 16. cxb4 0-0 17. Qxa4 Bd7 18. Qd1 a5 19. b5 Bxb5 20. Bxb5 Rxb5 21. h4 Bh6 22. Qe2 Qb8 23. Ra2 Rc5 24. 0-0 Qb7 25. Rfa1 f5 26. Nc3 Qc7 27. exf5 Rxf5 28. g4 Rf4 29. g5 Rxh4 30. gxh6 e4 31. Nxe4 Rc1+ 32. Kg2 Qd7 33. Qf3 Rc8 34. Rxa5 Qc6 35. Ra8 Rxh6 36. Nf6+ 1-0

[Event "Dublin Gonzaga Masters"]
[Site "Dublin"]
[Date "2024.01.27"]
[Round "3"]
[White "Li, Henry"]
[Black "Pal, Rohan"]
[Result "1/2-1/2"]
[WhiteElo "2300"]
[BlackElo "1960"]
[PlyCount "118"]
[EventDate "2024.01.26"]
[EventType "swiss"]
[EventRounds "5"]
[EventCountry "IRL"]
[SourceTitle "CB05_2024"]
[SourceDate "2024.01.31"]
[SourceVersion "1"]
[SourceVersionDate "2024.01.31"]
[SourceQuality "1"]

1. e4 c5 2. Nc3 e6 3. f4 d5 4. Nf3 dxe4 5. Nxe4 Nf6 6. Nxf6+ Qxf6 7. g3 Nc6 8. Bg2 Be7 9. 0-0 0-0 10. Re1 Bd7 11. Ne5 Rfd8 12. b3 Rab8 13. Bb2 Nd4 14. c3 Nc6 15. Qe2 Nxe5 16. fxe5 Qg5 17. d3 Bc6 18. Bxc6 bxc6 19. Rad1 Qg6 20. Qe4 Rd5 21. c4 Qxe4 22. Rxe4 Rd7 23. Bc3 Rbd8 24. Re3 Bf8 25. Kf2 Be7 26. Ke2 Bf8 27. Kf3 Be7 28. Ke2 Bf8 29. g4 Be7 30. Rb1 h6 31. Rf3 Bf8 32. h3 g6 33. Kd2 Rb8 34. Kc2 Rbb7 35. Rd1 Be7 36. Kb2 Rb8 37. Rf4 Kf8 38. Kc2 Ke8 39. Rf3 Rbd8 40. Ba5 Rb8 41. Bd2 Bf8 42. Re1 Rbd8 43. Ba5 Rb8 44. Bc3 Rbd8 45. h4 Rb8 46. h5 g5 47. a3 Rdb7 48. Rb1 Kd8 49. Ba5+ Ke8 50. Be1 Bg7 51. Re3 Bf8 52. Re2 Kd8 53. Bf2 Ke8 54. Kc3 Rd7 55. Reb2 Rbd8 56. Rd1 Rb8 57. b4 Rdb7 58. Rdb1 Bg7 59. Bg3 f5 1/2-1/2

[Event "Harrogate 4NCL op 31st"]
[Site "Harrogate"]
[Date "2024.01.20"]
[Round "3"]
[White "Pal, Rohan"]
[Black "Shearsby, Jude"]
[Result "1-0"]
[WhiteElo "1960"]
[BlackElo "2133"]
[PlyCount "87"]
[EventDate "2024.01.19"]
[EventType "swiss"]
[EventRounds "5"]
[EventCountry "ENG"]
[SourceTitle "CB05_2024"]
[SourceDate "2024.01.31"]
[SourceVersion "1"]
[SourceVersionDate "2024.01.31"]
[SourceQuality "1"]

1. c4 Nf6 2. g3 g6 3. Bg2 Bg7 4. Nc3 0-0 5. e4 d6 6. Nge2 c5 7. 0-0 Nc6 8. d3 a6 9. Rb1 Rb8 10. a4 Bd7 11. h3 h6 12. Be3 Ne8 13. d4 cxd4 14. Nxd4 Qc8 15. Nxc6 bxc6 16. Kh2 Rb4 17. c5 Qb7 18. Qd2 Kh7 19. cxd6 Nxd6 20. Nb5 Rxa4 21. Nxd6 exd6 22. Qxd6 Be6 23. f4 Qd7 24. Qxd7 Bxd7 25. e5 Rb8 26. Rbd1 Be6 27. Bd4 c5 28. Bc3 Bf8 29. Bd5 Bxd5 30. Rxd5 Ra2 31. h4 c4 32. Kh3 Rb7 33. Rd8 Bb4 34. Bd4 Ba5 35. Rc8 Rc7 36. Rb8 Rd7 37. Rd1 g5 38. h5 Bd8 39. f5 Bc7 40. e6 Rxd4 41. Rxd4 g4+ 42. Kxg4 Ra5 43. exf7 Bxb8 44. f8Q 1-0

[Event "Scarborough op"]
[Site "Scarborough"]
[Date "2023.10.27"]
[Round "1"]
[White "Isaacs, Ruairi"]
[Black "Pal, Rohan"]
[Result "1/2-1/2"]
[WhiteElo "1457"]
[BlackElo "1920"]
[PlyCount "83"]
[EventDate "2023.10.27"]
[EventType "swiss"]
[EventRounds "5"]
[EventCountry "ENG"]
[SourceTitle "Mega2024 Update 01"]
[Source "Chessbase"]
[SourceDate "2023.11.12"]
[SourceVersion "1"]
[SourceVersionDate "2023.11.12"]
[SourceQuality "1"]

1. d4 Nf6 2. c4 e6 3. Nc3 d5 4. cxd5 exd5 5. Bg5 c6 6. Qc2 Bd6 7. e3 0-0 8. Bd3 h6 9. Bh4 Re8 10. Nf3 Be6 11. 0-0 Nbd7 12. a3 a5 13. Na4 Qc7 14. Nc5 Bg4 15. Nxd7 Nxd7 16. Bg3 Bxg3 17. hxg3 Qd6 18. Rac1 Rac8 19. Qa4 Ra8 20. Qc2 a4 21. Bf5 Bxf5 22. Qxf5 g6 23. Qf4 Qxf4 24. gxf4 Ra5 25. Ne5 Nxe5 26. fxe5 Rb5 27. Rc2 Ra8 28. Rfc1 Ra6 29. Rd1 Rab6 30. Rdd2 f6 31. exf6 Kf7 32. Kh2 Kxf6 33. Kg3 Kf5 34. Kf3 h5 35. Re2 g5 36. Kg3 h4+ 37. Kh3 Ra6 38. Kh2 g4 39. f3 Rb3 40. fxg4+ Kxg4 41. e4 Rd3 42. exd5 1/2-1/2

[Event "GBR-ch Major op 109th"]
[Site "Leicester"]
[Date "2023.07.27"]
[Round "6"]
[White "Kothari, Jai"]
[Black "Pal, Rohan"]
[Result "1/2-1/2"]
[WhiteElo "1782"]
[BlackElo "1966"]
[PlyCount "26"]
[EventDate "2023.07.22"]
[EventType "swiss"]
[EventRounds "9"]
[EventCountry "ENG"]
[SourceTitle "EXT 2024"]
[Source "ChessBase"]
[SourceDate "2023.10.10"]
[SourceVersion "1"]
[SourceVersionDate "2023.10.10"]
[SourceQuality "1"]

1. e4 c5 2. Nf3 e6 3. Nc3 a6 4. a3 Nc6 5. d4 cxd4 6. Nxd4 Nf6 7. Be3 Be7 8. Be2 0-0 9. 0-0 d6 10. f4 Qc7 11. Qe1 Bd7 12. Qg3 Kh8 13. Bd3 Rad8 1/2-1/2

[Event "ENG-ch Chessable"]
[Site "Kenilworth"]
[Date "2023.05.29"]
[Round "7"]
[White "Jackson, Edward"]
[Black "Pal, Rohan"]
[Result "1-0"]
[WhiteElo "1968"]
[BlackElo "1955"]
[PlyCount "107"]
[EventDate "2023.05.26"]
[EventType "swiss"]
[EventRounds "7"]
[EventCountry "ENG"]
[SourceTitle "CBM 214 Extra"]
[Source "ChessBase"]
[SourceDate "2023.07.31"]
[SourceVersion "1"]
[SourceVersionDate "2023.07.31"]
[SourceQuality "1"]

1. e4 c5 2. c3 d5 3. exd5 Qxd5 4. d4 e6 5. Nf3 Nf6 6. Na3 Nc6 7. Bc4 Qd8 8. 0-0 cxd4 9. cxd4 Be7 10. Bb3 0-0 11. Nc4 b6 12. a3 Bb7 13. Bf4 Na5 14. Nxa5 bxa5 15. Ne5 Qb6 16. Be3 Rfd8 17. Rc1 Bd5 18. Bxd5 Nxd5 19. Qh5 f6 20. Qf7+ Kh8 21. Nc6 Re8 22. Qxe6 Nxe3 23. Qxe3 Bd6 24. Qd2 Re4 25. Qxa5 Qxa5 26. Nxa5 Rxd4 27. Rfd1 Be5 28. Rxd4 Bxd4 29. Rc2 Kg8 30. Rd2 Bb6 31. Nc4 Rc8 32. b3 Rc7 33. g3 Kf7 34. Kg2 Ke6 35. h4 h5 36. Rd6+ Ke7 37. Rd5 g6 38. a4 Rc6 39. Kf3 Bc5 40. Kg2 Ke6 41. Rd3 Rc7 42. Nd2 Ke5 43. f4+ Ke6 44. Kf3 Bb4 45. Ne4 Rc1 46. Rd4 Ba5 47. Rd6+ Ke7 48. Rxf6 Rb1 49. Rxg6 Rxb3+ 50. Kg2 Rb4 51. Rg7+ Kf8 52. Rxa7 Rxa4 53. Nf6 Ra2+ 54. Kh3 1-0

[Event "BCF-chT3W 2223 (4NCL)"]
[Site "England"]
[Date "2023.05.01"]
[Round "11.23"]
[White "Eagleton, Greg T"]
[Black "Pal, Rohan"]
[Result "1/2-1/2"]
[WhiteElo "2107"]
[BlackElo "2026"]
[PlyCount "90"]
[EventDate "2022.10.22"]
[EventType "team-tourn"]
[EventRounds "11"]
[EventCountry "ENG"]
[SourceTitle "EXT 2024"]
[Source "ChessBase"]
[SourceDate "2023.10.10"]
[SourceVersion "1"]
[SourceVersionDate "2023.10.10"]
[SourceQuality "1"]
[WhiteTeam "Chessable White Rose III"]
[BlackTeam "Warwicks Select II"]
[WhiteTeamCountry "ENG"]
[BlackTeamCountry "ENG"]

1. d4 Nf6 2. c4 e6 3. Nf3 d5 4. g3 Be7 5. Bg2 0-0 6. 0-0 c6 7. Qc2 b6 8. Ne5 Bb7 9. Rd1 Nbd7 10. Bf4 c5 11. dxc5 Bxc5 12. Nxd7 Qxd7 13. cxd5 exd5 14. Nc3 Qe6 15. Qd3 Ne4 16. Nxe4 dxe4 17. Qd7 Qxd7 18. Rxd7 Bc6 19. Rc7 Rfc8 20. Rxc6 Rxc6 21. Bxe4 Rcc8 22. Bxa8 Rxa8 23. Rd1 Kf8 24. Bd6+ Bxd6 25. Rxd6 Ke7 26. Rd2 Rc8 27. Kg2 Ke6 28. h4 h5 29. Kf3 g6 30. Ke4 Rc5 31. e3 Ra5 32. a3 Rc5 33. Kf3 Rf5+ 34. Ke2 Rc5 35. e4 Rc7 36. Ke3 Rc5 37. f4 Rc1 38. Kd4 Rg1 39. Rd3 Rg2 40. b3 Rc2 41. Rc3 Rd2+ 42. Ke3 Rg2 43. Kf3 Rd2 44. Ke3 Rg2 45. Kf3 Rd2 1/2-1/2

[Event "BCF-chT3W 2223 (4NCL)"]
[Site "England"]
[Date "2023.03.18"]
[Round "7.43"]
[White "Jackson, Gary"]
[Black "Pal, Rohan"]
[Result "0-1"]
[WhiteElo "1922"]
[BlackElo "2026"]
[PlyCount "84"]
[EventDate "2022.10.22"]
[EventType "team-tourn"]
[EventRounds "11"]
[EventCountry "ENG"]
[SourceTitle "EXT 2024"]
[Source "ChessBase"]
[SourceDate "2023.10.10"]
[SourceVersion "1"]
[SourceVersionDate "2023.10.10"]
[SourceQuality "1"]
[WhiteTeam "Oxford II"]
[BlackTeam "Warwicks Select II"]
[WhiteTeamCountry "ENG"]
[BlackTeamCountry "ENG"]

1. e4 c5 2. Nf3 Nc6 3. d4 cxd4 4. Nxd4 Nf6 5. Nc3 e6 6. Be3 Bb4 7. f3 d5 8. Nxc6 bxc6 9. e5 Nd7 10. f4 Qa5 11. Bd2 Qb6 12. Na4 Qe3+ 13. Be2 Qxf4 14. c3 Qh4+ 15. g3 Qe4 16. 0-0 Be7 17. Bf4 Nb6 18. b4 Nxa4 19. Bd3 Nxc3 20. Qd2 Qxb4 21. a3 Qb6+ 22. Kg2 Ne4 23. Qc2 0-0 24. Rfc1 Ba6 25. Bxe4 dxe4 26. Qxe4 Qb2+ 27. Kh3 Rac8 28. Rab1 Qxa3 29. Ra1 Qd3 30. Qa4 Qf5+ 31. Kg2 Bd3 32. Qxa7 Be4+ 33. Kg1 Qh3 34. Qf2 Ra8 35. Be3 Qf5 36. Qe2 Qf3 37. Qxf3 Bxf3 38. Kf2 Bd5 39. h3 h6 40. h4 Rfb8 41. Rxa8 Rxa8 42. Rc2 Ra2 0-1

[Event "BCF-chT3W 2223 (4NCL)"]
[Site "England"]
[Date "2023.02.04"]
[Round "5.11"]
[White "Pal, Rohan"]
[Black "Habershon, Paul F"]
[Result "0-1"]
[WhiteElo "2026"]
[BlackElo "1907"]
[PlyCount "114"]
[EventDate "2022.10.22"]
[EventType "team-tourn"]
[EventRounds "11"]
[EventCountry "ENG"]
[SourceTitle "EXT 2024"]
[Source "ChessBase"]
[SourceDate "2023.10.10"]
[SourceVersion "1"]
[SourceVersionDate "2023.10.10"]
[SourceQuality "1"]
[WhiteTeam "Warwicks Select II"]
[BlackTeam "MK Phoenix II"]
[WhiteTeamCountry "ENG"]
[BlackTeamCountry "ENG"]

1. e4 Nf6 2. e5 Nd5 3. d4 d6 4. c4 Nb6 5. f4 dxe5 6. fxe5 g6 7. Nc3 Bg7 8. Be3 0-0 9. Be2 c5 10. dxc5 N6d7 11. e6 fxe6 12. Nf3 Qa5 13. 0-0 Nxc5 14. Nb5 Nbd7 15. Ng5 Bf6 16. Bg4 a6 17. b4 Qxb4 18. Nc7 Qa3 19. Bd4 e5 20. Nge6 exd4 21. Nxf8 Ne5 22. Nfe6 Nxg4 23. Qxg4 Qe3+ 24. Kh1 Bxe6 25. Qd1 Bxc4 26. Re1 Qf4 27. Nxa8 Be5 28. g3 Bd5+ 29. Kg1 Qf6 30. Nb6 Bf3 31. Rf1 Bxd1 32. Rxf6 Bxf6 33. Rxd1 Kf7 34. Nd5 Bg7 35. Rc1 d3 36. Kf1 Bd4 37. Ke1 e5 38. Kd2 e4 39. Rc4 Bg1 40. Rc1 Bd4 41. Rc4 Bf2 42. Ne3 b6 43. Rb4 b5 44. Rb1 Ke6 45. Rf1 Bxe3+ 46. Kxe3 Kd5 47. Rf7 a5 48. Rxh7 b4 49. Rg7 a4 50. Rxg6 b3 51. axb3 axb3 52. Rb6 Kc4 53. h4 Na4 54. Rb8 Nc3 55. h5 Nd5+ 56. Kf2 e3+ 57. Kf3 d2 0-1

[Event "Groningen op 58th"]
[Site "Groningen"]
[Date "2022.12.24"]
[Round "4"]
[White "Pal, Rohan"]
[Black "Zwirs, Nico"]
[Result "0-1"]
[WhiteElo "1799"]
[BlackElo "2474"]
[PlyCount "60"]
[EventDate "2022.12.21"]
[EventType "swiss"]
[EventRounds "9"]
[EventCountry "NED"]
[SourceTitle "CBM 211 Extra"]
[Source "ChessBase"]
[SourceDate "2023.01.31"]
[SourceVersion "1"]
[SourceVersionDate "2023.01.31"]
[SourceQuality "1"]

1. e4 c5 2. Ne2 Nf6 3. Nbc3 d6 4. g3 g6 5. Bg2 Nc6 6. 0-0 Bg7 7. d3 0-0 8. h3 Rb8 9. f4 Nd7 10. g4 b5 11. e5 b4 12. Bxc6 bxc3 13. Nxc3 dxe5 14. f5 c4 15. Be3 Rxb2 16. Qc1 Rb6 17. Bd5 cxd3 18. Bxb6 Nxb6 19. fxg6 hxg6 20. Bxf7+ Rxf7 21. Rxf7 Kxf7 22. Qf1+ Ke8 23. Qxd3 Qxd3 24. cxd3 e4 25. Rc1 exd3 26. Ne4 Bb7 27. Nd2 Bh6 28. Rd1 e5 29. Nb3 e4 30. Nc5 Be3+ 0-1

[Event "World ol U16"]
[Site "Nakhchivan"]
[Date "2022.10.09"]
[Round "8.9"]
[White "Pal, Rohan"]
[Black "Ahmad, Khagan"]
[Result "0-1"]
[WhiteElo "1913"]
[BlackElo "2196"]
[PlyCount "84"]
[EventDate "2022.10.02"]
[EventType "team-swiss"]
[EventRounds "9"]
[EventCountry "AZE"]
[SourceTitle "CBM 210 Extra"]
[Source "ChessBase"]
[SourceDate "2022.11.30"]
[SourceVersion "1"]
[SourceVersionDate "2022.11.30"]
[SourceQuality "1"]
[WhiteTeam "England"]
[BlackTeam "Azerbaijan II"]
[WhiteTeamCountry "ENG"]
[BlackTeamCountry "AZE"]

1. e4 c5 2. Nf3 Nc6 3. Bb5 e6 4. 0-0 Nge7 5. Re1 a6 6. Bf1 d5 7. exd5 Nxd5 8. d4 cxd4 9. Nxd4 Bd7 10. c4 Nf6 11. Be3 Be7 12. Nc3 0-0 13. h3 Rc8 14. Nf3 Qa5 15. a3 Qc7 16. b4 Rfd8 17. Qb3 h6 18. Na4 Re8 19. Bb6 Qf4 20. b5 axb5 21. cxb5 Nb8 22. Re5 Nd5 23. g3 Qf6 24. Bd4 Qg6 25. Bd3 f5 26. Bxf5 exf5 27. Qxd5+ Kh7 28. Nb6 Rcd8 29. Qxb7 Bd6 30. Nh4 Bxe5 31. Nxg6 Bxd4 32. Rd1 Bxb5 33. Nd5 Bc6 34. Qf7 Bxd5 35. Qxf5 Be4 36. Qg4 Bxg6 37. Rxd4 Rc8 38. Rc4 Rcd8 39. Rd4 Re1+ 40. Kh2 Rf8 41. Rf4 Be4 42. f3 Rd8 0-1

[Event "World ol U16"]
[Site "Nakhchivan"]
[Date "2022.10.04"]
[Round "3.14"]
[White "Pal, Rohan"]
[Black "Isfandiyarli, Kamal"]
[Result "0-1"]
[WhiteElo "1913"]
[BlackElo "1585"]
[PlyCount "106"]
[EventDate "2022.10.02"]
[EventType "team-swiss"]
[EventRounds "9"]
[EventCountry "AZE"]
[SourceTitle "CBM 210 Extra"]
[Source "ChessBase"]
[SourceDate "2022.11.30"]
[SourceVersion "1"]
[SourceVersionDate "2022.11.30"]
[SourceQuality "1"]
[WhiteTeam "England"]
[BlackTeam "Azerbaijan Sumgayit"]
[WhiteTeamCountry "ENG"]
[BlackTeamCountry "AZE"]

1. e4 c5 2. Be2 e6 3. f4 d5 4. d3 Nf6 5. e5 Nfd7 6. Nf3 Nc6 7. 0-0 b5 8. c4 bxc4 9. dxc4 d4 10. Bd3 Bb7 11. Ng5 Be7 12. Ne4 Nb4 13. b3 0-0 14. Na3 Nxd3 15. Qxd3 Qb6 16. Bd2 Qc6 17. Rae1 f5 18. exf6 Nxf6 19. Nxf6+ Rxf6 20. Re2 Rg6 21. Qh3 Rf8 22. Be1 d3 23. Rd2 Qe4 24. Rdf2 Rxf4 25. Bd2 Rh4 26. Qf3 Qxf3 27. Rxf3 Bxf3 28. Rxf3 Rd4 29. Nb5 Rd7 30. Nc3 Bg5 31. Ne4 Bxd2 32. Nxd2 Rg5 33. Re3 Kf7 34. Kf2 e5 35. g3 Ke6 36. Ke1 Rh5 37. Nf3 d2+ 38. Kd1 Rf5 39. g4 Rf4 40. Rxe5+ Kf6 41. g5+ Kg6 42. Re3 Kh5 43. Nxd2 Kxg5 44. Kc1 Kf5 45. Rh3 Rf2 46. Rh5+ Kg6 47. Rd5 Rxd5 48. cxd5 Rxh2 49. Ne4 Kf5 50. d6 Ke6 51. Nxc5+ Kxd6 52. Ne4+ Ke5 53. Ng5 Kf5 0-1

[Event "Newcastle Northumbria Masters"]
[Site "Newcastle on Tyne"]
[Date "2022.08.29"]
[Round "7"]
[White "Pal, Rohan"]
[Black "Khoury, Theo"]
[Result "1/2-1/2"]
[WhiteElo "1935"]
[BlackElo "1821"]
[PlyCount "41"]
[EventDate "2022.08.26"]
[EventType "swiss"]
[EventRounds "9"]
[EventCountry "ENG"]
[SourceTitle "CBM 210 Extra"]
[Source "ChessBase"]
[SourceDate "2022.11.30"]
[SourceVersion "1"]
[SourceVersionDate "2022.11.30"]
[SourceQuality "1"]

1. e4 c5 2. Nf3 d6 3. d4 cxd4 4. Nxd4 Nf6 5. f3 e5 6. Nb3 d5 7. Bg5 Be6 8. Bxf6 gxf6 9. exd5 Qxd5 10. Qxd5 Bxd5 11. Nc3 Be6 12. 0-0-0 Nc6 13. Nd5 Bh6+ 14. Kb1 0-0-0 15. Bc4 Rhg8 16. Nc5 Rxg2 17. Nxe6 fxe6 18. Nxf6 Rxd1+ 19. Rxd1 Rxh2 20. Bxe6+ Kb8 21. c3 1/2-1/2

[Event "Newcastle Northumbria Masters"]
[Site "Newcastle on Tyne"]
[Date "2022.08.29"]
[Round "6"]
[White "Shahbazi, Mahmoud"]
[Black "Pal, Rohan"]
[Result "1-0"]
[WhiteElo "1981"]
[BlackElo "1935"]
[PlyCount "93"]
[EventDate "2022.08.26"]
[EventType "swiss"]
[EventRounds "9"]
[EventCountry "ENG"]
[SourceTitle "CBM 210 Extra"]
[Source "ChessBase"]
[SourceDate "2022.11.30"]
[SourceVersion "1"]
[SourceVersionDate "2022.11.30"]
[SourceQuality "1"]

1. e4 c5 2. Nf3 Nc6 3. Bb5 g6 4. 0-0 Bg7 5. Re1 e5 6. c3 Nge7 7. d3 0-0 8. Bg5 h6 9. Bxc6 hxg5 10. Ba4 g4 11. Nfd2 d6 12. Bb3 Nc6 13. Nc4 Kh7 14. f3 gxf3 15. Qxf3 f5 16. exf5 Bxf5 17. Qe2 Qf6 18. Nbd2 b5 19. Ne3 Qh4 20. Nf3 Qh5 21. Nxf5 gxf5 22. Nd2 Qh4 23. Bd5 Rac8 24. Be6 Rc7 25. Rf1 Qg5 26. Rf3 Rf6 27. Rg3 Qh6 28. Rh3 Rxe6 29. Rxh6+ Rxh6 30. Rf1 Ne7 31. Nf3 Bf6 32. Qc2 a6 33. Qb3 d5 34. a4 bxa4 35. Qxa4 Rb7 36. Qxa6 Rxb2 37. Qe6 Rg6 38. Qf7+ Kh8 39. Ne1 Bh4 40. Rxf5 Nxf5 41. Qxg6 Rb1 42. g3 Rxe1+ 43. Kf2 Rc1 44. Qxf5 Rc2+ 45. Kf3 e4+ 46. dxe4 dxe4+ 47. Kg4 1-0

[Event "EU-ch Amateur U2300"]
[Site "Zagreb"]
[Date "2022.08.20"]
[Round "8"]
[White "Pal, Rohan"]
[Black "Korov, Zvonko"]
[Result "1/2-1/2"]
[WhiteElo "1935"]
[BlackElo "2015"]
[PlyCount "80"]
[EventDate "2022.08.14"]
[EventType "swiss"]
[EventRounds "9"]
[EventCountry "CRO"]
[SourceTitle "CBM 210 Extra"]
[Source "ChessBase"]
[SourceDate "2022.11.30"]
[SourceVersion "1"]
[SourceVersionDate "2022.11.30"]
[SourceQuality "1"]

1. e4 c5 2. Nf3 e6 3. d3 Nf6 4. g3 b6 5. Bg2 Bb7 6. 0-0 Qc7 7. Qe2 d6 8. c3 Be7 9. h3 Nbd7 10. Nbd2 0-0 11. Rd1 Rac8 12. b3 Ne8 13. Bb2 Bf6 14. d4 g6 15. c4 Ng7 16. e5 dxe5 17. dxe5 Be7 18. Ne4 Bxe4 19. Qxe4 Rfd8 20. Bc1 Nf8 21. Bg5 Bxg5 22. Nxg5 Nf5 23. h4 h5 24. Qf4 Rxd1+ 25. Rxd1 Rd8 26. Rxd8 Qxd8 27. Qf3 Qc7 28. Qa8 Kg7 29. Kh2 Nh6 30. Bh3 a5 31. f4 Qd7 32. Qf3 Qd4 33. Ne4 Nd7 34. Nd6 Ng4+ 35. Bxg4 hxg4 36. Qxg4 Nxe5 37. Qe2 Nd3 38. Nb5 Qd7 39. Nc3 Qd4 40. Nb5 Qd7 1/2-1/2

[Event "EU-ch Amateur U2300"]
[Site "Zagreb"]
[Date "2022.08.16"]
[Round "4"]
[White "Vanden Bussche, Steven"]
[Black "Pal, Rohan"]
[Result "1-0"]
[WhiteElo "2026"]
[BlackElo "1935"]
[PlyCount "63"]
[EventDate "2022.08.14"]
[EventType "swiss"]
[EventRounds "9"]
[EventCountry "CRO"]
[SourceTitle "CBM 210 Extra"]
[Source "ChessBase"]
[SourceDate "2022.11.30"]
[SourceVersion "1"]
[SourceVersionDate "2022.11.30"]
[SourceQuality "1"]

1. d4 Nf6 2. Bf4 b6 3. e3 Bb7 4. Nf3 g6 5. Be2 Bg7 6. 0-0 0-0 7. h3 d6 8. Bh2 Nbd7 9. a4 a6 10. c3 Re8 11. Qb3 e5 12. dxe5 Nxe5 13. Nxe5 dxe5 14. Bc4 Qe7 15. Na3 Ne4 16. Rad1 Nc5 17. Qc2 Be4 18. Qe2 Nxa4 19. f4 b5 20. Ba2 exf4 21. Rxf4 Bf5 22. Rdf1 Bh6 23. R4f3 Bxe3+ 24. Kh1 Bb6 25. Qd2 Qh4 26. Bxf7+ Kxf7 27. Qd5+ Kf8 28. Rxf5+ gxf5 29. Rxf5+ Kg7 30. Rf7+ Kh6 31. Qc6+ Kg5 32. Qf6+ 1-0

[Event "EU-ch Amateur U2300"]
[Site "Zagreb"]
[Date "2022.08.14"]
[Round "1"]
[White "Pal, Rohan"]
[Black "Horvat, Damjan"]
[Result "1/2-1/2"]
[WhiteElo "1935"]
[BlackElo "2072"]
[PlyCount "75"]
[EventDate "2022.08.14"]
[EventType "swiss"]
[EventRounds "9"]
[EventCountry "CRO"]
[SourceTitle "CBM 210 Extra"]
[Source "ChessBase"]
[SourceDate "2022.11.30"]
[SourceVersion "1"]
[SourceVersionDate "2022.11.30"]
[SourceQuality "1"]

1. e4 c5 2. Nf3 d6 3. d4 cxd4 4. Nxd4 Nf6 5. f3 e5 6. Nb3 d5 7. Bg5 Be6 8. Bxf6 gxf6 9. exd5 Qxd5 10. Qxd5 Bxd5 11. Nc3 Bb4 12. 0-0-0 Bxb3 13. axb3 Bxc3 14. bxc3 Ke7 15. Bc4 Nc6 16. Rd5 Rad8 17. Rhd1 Rxd5 18. Rxd5 h5 19. Rb5 b6 20. Rd5 h4 21. Rd2 Rd8 22. Bb5 Rd6 23. Re2 f5 24. Bxc6 Rxc6 25. Rxe5+ Kf6 26. Re3 f4 27. Re4 Kf5 28. Re7 Kf6 29. Rxa7 h3 30. gxh3 Rxc3 31. Ra6 Rxf3 32. Rxb6+ Ke5 33. Rb7 f5 34. Re7+ Kd4 35. Kd2 Rxh3 36. c3+ Kd5 37. Re2 f3 38. Re1 1/2-1/2

[Event "Leamington Spa 4NCL op-A 28th"]
[Site "Leamington Spa"]
[Date "2022.07.10"]
[Round "4"]
[White "Pal, Rohan"]
[Black "Karas, Eugenia"]
[Result "1/2-1/2"]
[WhiteElo "1953"]
[BlackElo "1844"]
[PlyCount "51"]
[EventDate "2022.07.08"]
[EventType "swiss"]
[EventRounds "5"]
[EventCountry "ENG"]
[SourceTitle "CBM 209 Extra"]
[Source "ChessBase"]
[SourceDate "2022.09.30"]
[SourceVersion "1"]
[SourceVersionDate "2022.09.30"]
[SourceQuality "1"]

1. e4 e6 2. d4 d5 3. Nc3 Bb4 4. Bd3 dxe4 5. Bxe4 Nf6 6. Bf3 c5 7. Nge2 Nc6 8. Be3 cxd4 9. Nxd4 Ne5 10. Ndb5 Bxc3+ 11. Nxc3 Qxd1+ 12. Rxd1 Nxf3+ 13. gxf3 b6 14. Rg1 Rg8 15. Nb5 Ke7 16. Nc7 Rb8 17. Bf4 Nd7 18. Bd6+ Kf6 19. Rg4 Bb7 20. Rf4+ Kg6 21. Rg4+ Kf6 22. Ra4 a5 23. Rh4 g5 24. Rh6+ Kg7 25. Rh3 Rbc8 26. Ke2 1/2-1/2

[Event "Wch U14 blitz"]
[Site "Rhodes"]
[Date "2022.05.03"]
[Round "1"]
[White "Hagner, Bennet"]
[Black "Pal, Rohan"]
[Result "1-0"]
[WhiteElo "2044"]
[BlackElo "1532"]
[PlyCount "59"]
[EventDate "2022.05.03"]
[EventType "swiss (blitz)"]
[EventRounds "9"]
[EventCountry "GRE"]
[SourceTitle "CBM 208 Extra"]
[Source "ChessBase"]
[SourceDate "2022.07.31"]
[SourceVersion "1"]
[SourceVersionDate "2022.07.31"]
[SourceQuality "1"]

1. e4 c5 2. Nf3 Nc6 3. Nc3 g6 4. d4 cxd4 5. Nxd4 Bg7 6. Be3 Nf6 7. Bc4 Qa5 8. 0-0 0-0 9. h3 d6 10. Nd5 Nxd5 11. exd5 Nxd4 12. Bxd4 Bf5 13. Bxg7 Kxg7 14. Re1 Qc5 15. Bb3 Rfe8 16. Re3 Rac8 17. Qe2 Rc7 18. Re1 b5 19. Rc3 Qb6 20. Rxc7 Qxc7 21. Qxb5 Rb8 22. Qe2 Rb7 23. c3 Qc5 24. Qd2 a5 25. Re3 Qb6 26. Qe2 Qc7 27. Ba4 h6 28. Bc6 Ra7 29. Qb5 Ra8 30. Bxa8 1-0